000 00657cam a22002171 4500
001 f 01003858
003 DLC
005 20260227111248.0
008 840425s1899 sw 000 0 fre
010 _af 01003858
035 _a(OCoLC)10659904
040 _aDLC
_cNhD
_dNhD
_dDLC
042 _apremarc
050 0 0 _aPC2319
_b.R7
100 1 _aRomberg, Hans Birger,
_d1870-
245 0 2 _aL'idée de la durée par rapport aux verbes et aux substantifs verbaux en français moderne ...
260 _aGöteborg,
_bW. Zachrissons,
_c1899.
300 _a2 p. l., 155 p.
_c20 cm.
500 _aAkademisk afhandling--Lund.
650 0 _aFrench language
_xVerb.
999 _c23187
_d23187